000 01625cam0 2200361 ib4500
001 BY-MI0013-br4501790
005 20250709141334.0
010 ^a978-5-506-03760-6
^bв переплете
100 ^a20250709d2019 abcy0rusy50 ca
101 0 ^arus
102 ^aRU
105 ^aa z 000zy
109 ^ama
200 1 ^a100 сказок, стихов и песен для мальчиков
^e[для чтения взрослыми детям
^eдля младшего школьного возраста
^fглавный редактор Кристина Хомякова
^gредактор-составитель Наталия Чаплина
^gхудожник-дизайнер Ирина Парфенова]
210 ^aМосква
^cСИМБАТ
^cУМка
^d2019
215 ^a46, [2] с.
^cцв. ил.
^d22 см
225 1 ^aДетская библиотека
333 ^a0+
345 ^95000 экз.
606 ^aСКАЗКИ
^3BY-NLB-ar2690406
^2DVNLB
608 ^aСТИХОТВОРЕНИЕ
^3BY-NLB-ar32087
^2BYGNR
608 ^aДЕТСКАЯ И ЮНОШЕСКАЯ ЛИТЕРАТУРА (художеств. произведение)
^3BY-NLB-ar9019
^2BYGNR
686 ^a84(0)
^2rubbk
690 ^a1
^2Base
^9BY-MI0013
^xRSEK
702 1 ^aХомякова
^bК.
^gКристина
^4651
702 1 ^aЧаплина
^bН.
^gНаталия
^4220
^4340
702 1 ^aПарфенова
^bИ.
^gИрина
^4440
801 0 ^aBY
^bBY-MI0013
^c20250709
^gRCR
035 ^a(BY-MI0013)BY-MI0013-br4501790
899 0 ^aBY-MI0013
^iС81
^h84(0)